000 01351nam a2200337 a 4500
001 ebr10670980
003 CaPaEBR
006 m u
007 cr cn|||||||||
008 130325s2010 nyu sb 001 0 eng d
020 _z9781608769391
020 _z9781613246207 (e-book)
040 _aCaPaEBR
_cCaPaEBR
035 _a(OCoLC)744620352
043 _an-us---
050 1 4 _aJZ1480
_b.F67 2010eb
082 0 4 _a327.73
_223
245 0 0 _aForeign policy of the United States
_h[electronic resource] .
_nVolume 4 /
_cErnest Simone, editor.
260 _aNew York :
_bNova Science Publishers, Inc.,
_c2010.
300 _axiii, 255 p.
490 1 _aForeign policy of the United States ;
_vv. 4
504 _aIncludes bibliographical references and index.
533 _aElectronic reproduction.
_bPalo Alto, Calif. :
_cebrary,
_d2013.
_nAvailable via World Wide Web.
_nAccess may be limited to ebrary affiliated libraries.
651 0 _aUnited States
_xForeign relations.
651 0 _aUnited States
_xForeign relations
_xLaw and legislation.
655 7 _aElectronic books.
_2local
700 1 _aSimone, Ernest.
710 2 _aebrary, Inc.
830 0 _aForeign policy of the United States ;
_vv. 4.
856 4 0 _uhttp://site.ebrary.com/lib/rucke/Doc?id=10670980
_zAn electronic book accessible through the World Wide Web; click to view
999 _c161952
_d161952